000
00339nam a2200145Ia 4500
008
220204s9999 xx 000 0 und d
082
_a
574
_b
VIN.2
100
_a
REES, N
245
0
_a
Plant and animal biology. V 2
260
_a
London
_b
Pitman
_c
1972
650
_a
Biology
650
_a
Evolution
700
_a
VINES, A E
942
_c
BK
999
_c
27201
_d
27201